AGRICULTURAL Productivity in Africa trends, patterns, and determinations
Saved in:
| Format: | Book |
|---|---|
| Language: | English |
| Published: |
International Food Policy Research Institute,
2016
|
| Tags: |
Add Tag
No Tags, Be the first to tag this record!
|
MARC
| LEADER | 00000nam a22000007a 4500 | ||
|---|---|---|---|
| 008 | 210121b ||||| |||| 00| 0 eng d | ||
| 020 | |a 978-0-89629-881-1 | ||
| 245 | |a AGRICULTURAL Productivity in Africa |b trends, patterns, and determinations |c Samuel Benin. |g xx; 359p | ||
| 250 | |c Benin, Samuel | ||
| 260 | |b International Food Policy Research Institute, |c 2016 |d Books |h Washington, DC |i 690039 |l S472 .Ag8 |m Agricultural productivity – Africa | ||
| 500 | |a “It includes biographical references and index | ||
| 942 | |a lcc |c BK |e Adekanye I. H |f 21/01/2021 | ||
| 952 | |0 0 |1 0 |2 lcc |4 0 |6 S0472 A G8 |7 0 |9 1371 |a HOL |b HOL |c QZ |d 2021-01-21 |l 0 |o S472 .Ag8 |p 2021-0176 |r 2021-01-21 00:00:00 |w 2021-01-21 |y BK | ||
| 999 | |c 716 |d 716 | ||